000 00339nam a2200145Ia 4500
008 150201s2010 xx 000 0 und d
082 _a616.01
_bM10B
100 _aBAVEJA,C.P
245 _aTEXT BOOK OF MICROBIOLOGY
250 _a3
260 _bARYA
_aNEW DELHI
_c2010
300 _a1-628
650 _aMICROBIOLOGY
942 _2ddc
_cBK
_032
999 _c1239
_d1239